1653 1597 1177 1982 1855 1553 1434 1547 1017 1889 1650 1761 1655 1556 1288 1698 1170 1048 1620 1771 1504 1981 1513 1056 1047 1324 1010 1151 1449 1666 1804 1679 1658 1322 1758 1753 1416 1200 1262 1460 1201 1007 1869 1877 1867 1055 1906 1645 1463 1843 1059 1482 1328 1406 1939 1901 1650 1351 1066 1837 1771 1603 1627 1240 1215 1310 1678 1751 1475 1597 1022 1553 1404 1190 1132 1403 1920 1579 1254 1637 1903 1744 1740 1586 1651 1628 1680 1346 1085 1555 1564 1121 1964 1030 1520 1687 1615 1002 1926 BCNSPRNW ULIB Ver.6.0+V

เปลี่ยนเป็นภาษาไทย

Change to English
 แสดงรายละเอียดบรรณานุกรม
  กลับหน้าหลัก

Brief Record : Get Marc (ISO 2709) : E-mail record : QR code < ปิดหน้าต่าง
LEADER : 00000nam 2200000uu 4500
001    13399112895
003     ULIB
008    110916s2553||||th 000 0 tha d
020    9786165000284
090    นว.^bล258พ 2553
100 0  ลัลล์ลลิล
245 00 เพลิงพิรุณ/^cลัลล์ลลิล
250    พิมพ์ครั้งที่ 1
260    กรุงเทพฯ :^bพิมพ์คำ,^c2553
300    447 หน้า
945    ^p260^l0^i16988
995    กัณชพร
999    ^aใช้งานได้ทุกระบบ
รายการนี้ยังไม่มีแท็ก
คุณยังไม่ได้ล็อกอิน คุณสามารถมีกิจกรรมร่วมกับเว็บไซต์ได้ แต่ต้องล็อกอินก่อน ::
  ล็อกอิน

รายการสื่อสารสนเทศ

ลำดับที่ ประเภท เลขเรียก/บาร์โค้ด สถานที่ สถานะ
1. วิทยาศาสตร์การแพทย์ และสุขภาพ
วิทยาศาสตร์การแพทย์ และสุขภาพ
นว. ล258พ 2553  
  Barcode: 16988
ห้องสมุดวิทยาเขตสวรรค์ประชารักษ์
►นวนิยาย
บนชั้น
  ขอยืม

รายการใกล้เคียง
    ผู้แต่ง [ลัลล์ลลิล]

BibComment


ยังไม่เคยถูกคอมเมนท์

คอมเมนท์ทรัพยากรรายการนี้
  คอมเมนท์: เพลิงพิรุณ ลัลล์ล..


 Copyright 2026. Bcnsprnw @Library